[Event "Borbeck- Dortmund"]
[Site "?"]
[Date "2023.09.03"]
[Round "1.6"]
[White "Klasmeier, Hartmut"]
[Black "Brockmann, Fabian"]
[Result "0-1"]
[WhiteElo "1905"]
[BlackElo "1957"]
[PlyCount "118"]
[SourceDate "2023.09.13"]

1. e4 c5 2. Nc3 e6 3. g3 Nc6 4. Bg2 g6 5. d3 Bg7 6. f4 d6 7. Nf3 Nge7 8. Be3
Nd4 9. O-O O-O 10. Rb1 Rb8 11. Ne2 e5 12. c3 Nxf3+ 13. Bxf3 Nc6 14. h4 exf4 15.
Nxf4 Ne5 16. Be2 h5 17. d4 Ng4 18. Bxg4 Bxg4 19. Qd2 b6 20. Nd5 Be6 21. Bg5 f6
22. Bf4 Bxd5 23. exd5 f5 24. dxc5 bxc5 25. Rfe1 Qb6 26. Re6 Rf6 27. Bxd6 Rd8
28. Rxf6 Bxf6 29. Bf4 c4+ 30. Kf1 Qc5 31. Rd1 Re8 32. d6 Qc6 33. Qd5+ Qxd5 34.
Rxd5 Kf7 35. Rc5 Re4 36. Rc7+ Ke6 37. Rxa7 Bxh4 38. gxh4 Rxf4+ 39. Kg2 Rxh4 40.
d7 Ke7 41. a4 Rg4+ 42. Kf2 h4 43. a5 h3 44. a6 Rg2+ 45. Kf3 Rxb2 46. Kg3 h2 47.
d8=Q+ Kxd8 48. Rh7 Ra2 49. a7 Rxa7 50. Rxh2 Ra3 51. Rh6 g5 52. Rh5 Rxc3+ 53.
Kf2 Ke7 54. Rxg5 Kf6 55. Rg8 Rd3 56. Ke2 Ke5 57. Rc8 Kd4 58. Rd8+ Kc3 59. Rf8
Rd5 0-1

[Event "Borbeck- Dortmund"]
[Site "?"]
[Date "2023.09.03"]
[Round "1.7"]
[White "Alarand, Beshr"]
[Black "Strauß, Dirk"]
[Result "1-0"]
[WhiteElo "1934"]
[BlackElo "1888"]
[PlyCount "81"]
[SourceDate "2023.09.13"]

1. e4 c5 2. Nf3 e6 3. c3 d5 4. exd5 Qxd5 5. d4 Nf6 6. Bb5+ Bd7 7. Bxd7+ Qxd7 8.
O-O Nc6 9. dxc5 Qxd1 10. Rxd1 Bxc5 11. Bg5 Ne4 12. Bh4 Be7 13. Bxe7 Kxe7 14.
Nbd2 Nc5 15. a4 Rhd8 16. b4 Nd3 17. Nc4 Rac8 18. Ne3 Nce5 19. Nxe5 Nxe5 20.
Rxd8 Rxd8 21. Rd1 Rc8 22. Rc1 Nd3 23. Rc2 Ne1 24. Re2 Nd3 25. Kf1 Kf6 26. Rc2
Ne5 27. Ke2 Ke7 28. f4 Nc4 29. Nxc4 Rxc4 30. g3 f5 31. Kd3 Re4 32. Rd2 Kd6 33.
a5 h6 34. c4 Kc7 35. Re2 Rxe2 36. Kxe2 Kd6 37. h4 g6 38. Kd3 e5 39. c5+ Kd5 40.
fxe5 Kxe5 41. b5 1-0

[Event "Borbeck- Dortmund"]
[Site "?"]
[Date "2023.09.03"]
[Round "1.8"]
[White "Mundil, Uwe"]
[Black "Wolff, Torsten"]
[Result "1-0"]
[WhiteElo "1969"]
[BlackElo "1855"]
[PlyCount "81"]
[SourceDate "2023.09.13"]

1. d4 Nf6 2. c4 g6 3. Nc3 d5 4. Nf3 Bg7 5. Qb3 dxc4 6. Qxc4 O-O 7. e4 Nc6 8. h3
Nd7 9. Be3 Nb6 10. Qc5 Nd7 11. Qa3 e5 12. Rd1 exd4 13. Nxd4 Nxd4 14. Bxd4 Bxd4
15. Rxd4 c6 16. Be2 Qg5 17. O-O Nf6 18. Nd1 Re8 19. f4 Qh4 20. Qf3 Nh5 21. Kh2
Nf6 22. Nf2 Nh5 23. g3 Qe7 24. Qd3 Ng7 25. Rd1 Be6 26. b3 Rac8 27. Bg4 f5 28.
exf5 Nxf5 29. Re4 Qc5 30. Qe2 Bf7 31. Re1 Rcd8 32. Qb2 Nd6 33. Re5 Rxe5 34.
fxe5 Nf5 35. e6 Be8 36. Ne4 Qd4 37. Qe2 Qd3 38. Nf6+ Kf8 39. Bxf5 Qxe2+ 40.
Rxe2 gxf5 41. e7+ 1-0

[Event "Brambauer- Linden"]
[Site "?"]
[Date "2023.09.03"]
[Round "1.1"]
[White "Hahn, Matthias"]
[Black "Schulz, Hartmut"]
[Result "1-0"]
[WhiteElo "2110"]
[BlackElo "2018"]
[PlyCount "87"]
[SourceDate "2023.09.13"]

1. e4 c6 2. d4 d5 3. Nc3 dxe4 4. Nxe4 Nf6 5. Nxf6+ gxf6 6. c3 Bf5 7. Nf3 e6 8.
g3 Bg4 9. Bg2 h5 10. Qb3 Bxf3 11. Bxf3 Qb6 12. h4 Nd7 13. Be3 Bh6 14. Bxh6 Rxh6
15. O-O-O O-O-O 16. Qxb6 Nxb6 17. Rhe1 Kc7 18. Kc2 Nc4 19. b4 Rhh8 20. Kb3 Nd6
21. Re2 Nf5 22. Red2 Ng7 23. c4 Kd6 24. a4 Rhe8 25. b5 Rb8 26. Kc3 Rec8 27. Rb1
Rd8 28. bxc6 bxc6 29. Rdb2 Rxb2 30. Rxb2 Kc7 31. a5 e5 32. dxe5 fxe5 33. a6 Rb8
34. Rxb8 Kxb8 35. Bxc6 Kc7 36. Bd5 f6 37. c5 Kd7 38. Kc4 Kc7 39. Bf3 Kd7 40.
Kd5 Kc7 41. g4 hxg4 42. Bxg4 f5 43. Be2 e4 44. h5 1-0

[Event "Brambauer- Linden"]
[Site "?"]
[Date "2023.09.03"]
[Round "1.2"]
[White "Remmler, Volker"]
[Black "Boehm, Ingo"]
[Result "1/2-1/2"]
[WhiteElo "1984"]
[BlackElo "2081"]
[PlyCount "41"]
[SourceDate "2023.09.13"]

1. c4 e5 2. Nc3 Nc6 3. g3 g6 4. Bg2 Bg7 5. d3 d6 6. e4 Nge7 7. Nge2 O-O 8. O-O
Be6 9. h3 Qd7 10. Kh2 Rae8 11. Nd5 Kh8 12. Rb1 f5 13. f4 Nd4 14. Nxd4 exd4 15.
Bd2 Nc8 16. b3 c6 17. Nb4 Qc7 18. Rc1 a5 19. Nc2 c5 20. Ne1 Bd7 21. Bf3 1/2-1/2

[Event "Brambauer- Linden"]
[Site "?"]
[Date "2023.09.03"]
[Round "1.4"]
[White "Wagner, Norbert"]
[Black "Kandyba, Andriy"]
[Result "1-0"]
[WhiteElo "2001"]
[BlackElo "1984"]
[PlyCount "41"]
[SourceDate "2023.09.13"]

1. Nf3 Nf6 2. d4 g6 3. Bf4 d6 4. h3 Bg7 5. c3 O-O 6. e3 c5 7. Nbd2 Nd5 8. Bh2
cxd4 9. cxd4 Nc6 10. Be2 e5 11. O-O Nb6 12. dxe5 dxe5 13. Ne4 Qe7 14. Qd6 Re8
15. Rfd1 f6 16. a4 Be6 17. Bb5 Rad8 18. Qxe7 Rxd1+ 19. Rxd1 Rxe7 20. Bxc6 bxc6
21. Rd8+ 1-0

[Event "Brambauer- Linden"]
[Site "?"]
[Date "2023.09.03"]
[Round "1.5"]
[White "Schmidt, Ralph"]
[Black "Czeratzki, Michael"]
[Result "1/2-1/2"]
[WhiteElo "1878"]
[BlackElo "1862"]
[PlyCount "106"]
[SourceDate "2023.09.13"]

1. e4 e6 2. Nc3 d5 3. exd5 exd5 4. Qf3 c6 5. d4 Nf6 6. Bd3 Be6 7. Nge2 Bd6 8.
Bg5 Nbd7 9. h3 h6 10. Bf4 Qc7 11. Qg3 Bxf4 12. Nxf4 g5 13. Nxe6 Qxg3 14. fxg3
fxe6 15. Bg6+ Ke7 16. O-O Rhg8 17. Bd3 Raf8 18. Rae1 Kd6 19. Na4 b6 20. c4 dxc4
21. Bxc4 Nd5 22. Nc3 Rxf1+ 23. Kxf1 Rf8+ 24. Kg1 N7f6 25. Ne4+ Nxe4 26. Rxe4
Rf6 27. h4 c5 28. dxc5+ Kxc5 29. Be2 Kd6 30. Rc4 gxh4 31. gxh4 Rf4 32. g4 Rxc4
33. Bxc4 Ke5 34. Bd3 Kf4 35. g5 hxg5 36. h5 Ke5 37. h6 Kf6 38. Kf2 Ne7 39. Kf3
Nf5 40. h7 Kg7 41. Kg4 Kxh7 42. Kxg5 Kg7 43. Bxf5 exf5 44. Kxf5 Kf7 45. Ke5 Ke7
46. Kd5 Kd7 47. b4 Kc7 48. b5 Kd7 49. a3 Kc7 50. Ke6 Kc8 51. Kd6 Kd8 52. Kc6
Kc8 53. a4 Kb8 1/2-1/2

[Event "Brambauer- Linden"]
[Site "?"]
[Date "2023.09.03"]
[Round "1.6"]
[White "Jochmann, Christian"]
[Black "Hochstein, Udo"]
[Result "0-1"]
[WhiteElo "1810"]
[BlackElo "1849"]
[PlyCount "66"]
[SourceDate "2023.09.13"]

1. e4 c5 2. Nc3 e6 3. Nf3 Nc6 4. d4 cxd4 5. Nxd4 d6 6. Be2 Nf6 7. Be3 Be7 8.
O-O O-O 9. f4 a6 10. Kh1 Qc7 11. Nb3 b5 12. Bf3 Bb7 13. g4 Nd7 14. Qd2 Nb6 15.
Bxb6 Qxb6 16. Qg2 Rac8 17. Rfd1 Rfd8 18. g5 Bf8 19. Rd2 Ne7 20. Rad1 b4 21. Ne2
d5 22. Ng3 Ng6 23. Qg1 Qxg1+ 24. Kxg1 Nxf4 25. h4 Be7 26. Kf2 f6 27. exd5 Bxd5
28. Bxd5 Rxd5 29. Ne4 Rxd2+ 30. Rxd2 fxg5 31. hxg5 Nh3+ 32. Kg3 Nxg5 33. Nf2
Bf6 0-1

[Event "Brambauer- Linden"]
[Site "?"]
[Date "2023.09.03"]
[Round "1.7"]
[White "Jedner, Volker"]
[Black "Natschke, Norbert"]
[Result "1/2-1/2"]
[WhiteElo "1778"]
[BlackElo "1757"]
[PlyCount "48"]
[SourceDate "2023.09.13"]

1. d4 d5 2. Nf3 Nf6 3. c4 e6 4. Nc3 c6 5. Bf4 Bd6 6. Bg3 Bxg3 7. hxg3 Ne4 8. e3
Nd7 9. Bd3 f5 10. cxd5 exd5 11. Qb3 Qb6 12. Qc2 O-O 13. a3 Ndf6 14. Ne5 Be6 15.
Ne2 Rae8 16. Nf4 Bc8 17. b4 Ng4 18. Nxg4 fxg4 19. Bxe4 Rxe4 20. Qc5 Qxc5 21.
bxc5 Bf5 22. Ra2 g5 23. Ne2 Re6 24. Rb2 Rf7 1/2-1/2

[Event "Brambauer- Linden"]
[Site "?"]
[Date "2023.09.03"]
[Round "1.8"]
[White "Mueller, Marcus"]
[Black "Pappert, Thomas"]
[Result "1/2-1/2"]
[WhiteElo "1656"]
[BlackElo "1748"]
[PlyCount "109"]
[SourceDate "2023.09.13"]

1. d4 d5 2. c4 e5 3. dxe5 d4 4. Nf3 Nc6 5. Bg5 f6 6. exf6 gxf6 7. Bf4 Bg4 8.
Nbd2 Qd7 9. Qb3 O-O-O 10. O-O-O Qf5 11. h3 Bxf3 12. Qxf3 Nb4 13. Qe4 Nxa2+ 14.
Kb1 Qa5 15. Qe6+ Kb8 16. Nb3 Qa4 17. Qf7 Nc3+ 18. Kc2 Ne7 19. bxc3 Qa2+ 20. Kc1
Qxb3 21. cxd4 Nd5 22. cxd5 Ba3+ 23. Kd2 Bb4+ 24. Kc1 Qc3+ 25. Kb1 Qb3+ 26. Kc1
Rxd5 27. Qxc7+ Ka8 28. Rd3 Ba3+ 29. Kd2 Bb4+ 30. Ke3 Qa4 31. g4 Qe8+ 32. Kf3 f5
33. Kg3 Ba5 34. Qc4 Rd7 35. Re3 Qd8 36. Qe6 Bd2 37. Rf3 fxg4 38. hxg4 Re7 39.
Qd6 Rd7 40. Qe5 Be1 41. Bg5 Qc8 42. e3 Bb4 43. Qb5 Bd6+ 44. Bf4 Rg7 45. Bh3
Rhg8 46. Kh2 Rg5 47. d5 Qf8 48. Rb1 R5g7 49. g5 Qf7 50. Be6 Qh5+ 51. Rh3 Qxg5
52. Bg3 Rf8 53. f4 Qg6 54. Bd7 Qc2+ 55. Kg1 1/2-1/2

[Event "Waltrop- Bottrop"]
[Site "?"]
[Date "2023.09.03"]
[Round "1.1"]
[White "Ruhmann, Gabriel"]
[Black "Eckert, Marius"]
[Result "1/2-1/2"]
[WhiteElo "1903"]
[BlackElo "2111"]
[Annotator "daniel"]
[PlyCount "66"]
[SourceDate "2023.09.13"]

1. Nf3 d5 2. c4 c6 3. b3 Nf6 4. g3 Bf5 5. Bg2 e6 6. O-O Be7 7. Bb2 O-O 8. d3 h6
9. Nbd2 Nbd7 10. a3 a5 11. Ra2 Bh7 12. Qa1 c5 13. e4 dxe4 14. dxe4 a4 15. b4
cxb4 16. axb4 Bxb4 17. Rxa4 Rxa4 18. Qxa4 Be7 19. e5 Nc5 20. Qb5 Nfe4 21. Nxe4
Bxe4 22. Nd4 $11 Qc7 23. Bxe4 Nxe4 24. Qa4 Rc8 25. Qc2 Nc5 26. Nb5 Qb6 27. Bd4
Rd8 28. Rb1 Qc6 29. Nd6 Bxd6 30. exd6 Qxd6 31. Bxc5 Qxc5 32. Rxb7 Rc8 33. Rd7
g6 1/2-1/2

[Event "Waltrop- Bottrop"]
[Site "?"]
[Date "2023.09.03"]
[Round "1.2"]
[White "Gasper, Joern"]
[Black "Stadtmann, Jens"]
[Result "1/2-1/2"]
[WhiteElo "2045"]
[BlackElo "2186"]
[PlyCount "50"]
[SourceDate "2023.09.13"]

1. e4 e6 2. d4 d5 3. exd5 exd5 4. Nf3 Bd6 5. c4 c6 6. Nc3 Ne7 7. Bd3 O-O 8. O-O
dxc4 9. Bxc4 Bg4 10. h3 Bh5 11. g4 Bg6 12. Ne5 b5 13. Bb3 Nd7 14. f4 b4 15.
Nxg6 hxg6 16. Ne4 Nf6 17. Ng5 Ned5 18. Qf3 Qb6 19. Rd1 Rad8 20. f5 gxf5 21.
gxf5 Rfe8 22. Kh1 Re7 23. Bxd5 cxd5 24. Bf4 Ne4 25. Qh5 Nf6 1/2-1/2

[Event "Waltrop- Bottrop"]
[Site "?"]
[Date "2023.09.03"]
[Round "1.3"]
[White "Masberg, Stefan"]
[Black "Atali, Dogukan"]
[Result "1/2-1/2"]
[WhiteElo "1897"]
[BlackElo "2010"]
[PlyCount "57"]
[SourceDate "2023.09.13"]

1. e4 e6 2. d4 d5 3. Nc3 Nf6 4. e5 Nfd7 5. Nf3 c5 6. Bb5 Nc6 7. Be3 cxd4 8.
Bxd4 a6 9. Bxc6 bxc6 10. Be3 c5 11. Bf4 Qb6 12. Rb1 Bb7 13. Nd2 Qc7 14. Qe2 f6
15. Qg4 Nxe5 16. Qxe6+ Qe7 17. Qxe7+ Bxe7 18. O-O Ng6 19. Bg3 f5 20. f3 Bf6 21.
Rfe1+ Kf7 22. Ne2 a5 23. Nb3 Be7 24. Nf4 a4 25. Nc1 Bf6 26. Nxg6 hxg6 27. Nd3
Ra5 28. Ne5+ Bxe5 29. Rxe5 1/2-1/2

[Event "Waltrop- Bottrop"]
[Site "?"]
[Date "2023.09.03"]
[Round "1.4"]
[White "Winterberg, Andreas"]
[Black "Gierse, Heinz- Dieter"]
[Result "1-0"]
[WhiteElo "2001"]
[BlackElo "1908"]
[PlyCount "79"]
[SourceDate "2023.09.13"]

1. e4 d5 2. exd5 Nf6 3. Nf3 Nxd5 4. d4 g6 5. c4 Nb6 6. a4 a5 7. c5 Nd5 8. Bc4
Bg7 9. Qb3 c6 10. Nc3 e6 11. O-O O-O 12. Ne4 b6 13. Bg5 f6 14. cxb6 Ba6 15. Bd2
Bxc4 16. Qxc4 Qxb6 17. Nc5 Re8 18. Rfe1 e5 19. dxe5 fxe5 20. Bc3 Ra7 21. Rad1
Rae7 22. Ne4 Qc7 23. b4 Kh8 24. bxa5 Nxc3 25. Qxc3 Nd7 26. Qc4 Qxa5 27. Qxc6
Nb6 28. Qb5 Qxb5 29. axb5 Rb8 30. Rd6 Nc4 31. Rc6 Na5 32. Ra6 Nb3 33. b6 h6 34.
Rb1 Nd4 35. Nfd2 Re6 36. Nc5 Rc6 37. Nde4 Bf8 38. Nd7 Rd8 39. Nxe5 Re6 40. Nf7+
1-0

[Event "Waltrop- Bottrop"]
[Site "?"]
[Date "2023.09.03"]
[Round "1.5"]
[White "Nowacki, Marcus"]
[Black "Dunsche, Daniel"]
[Result "1-0"]
[WhiteElo "1842"]
[BlackElo "1979"]
[PlyCount "81"]
[SourceDate "2023.09.13"]

1. Nf3 Nf6 2. b3 g6 3. Bb2 d5 4. c4 c6 5. h3 Bg7 6. e3 O-O 7. Be2 b6 8. O-O Bb7
9. Ne5 Nbd7 10. f4 Ne4 11. Qe1 Nxe5 12. fxe5 Qc7 13. d4 f6 14. exf6 exf6 15.
cxd5 cxd5 16. Bd3 Rfe8 17. Nd2 Nxd2 18. Qxd2 Bh6 19. Rf3 Re6 20. Qf2 Qe7 21.
Re1 a6 22. Rg3 Re8 23. Bc1 f5 24. Qxf5 Qc7 25. Qf2 Qe7 26. Rf3 Bg7 27. Rf1 Rf8
28. Rxf8+ Bxf8 29. e4 Bg7 30. Ba3 Qd7 31. e5 Re8 32. Be2 Bc6 33. Bg4 Qa7 34.
Rc1 Qb7 35. Qc2 Bd7 36. Bxd7 Qxd7 37. Qc7 Qe6 38. Qc6 Bh6 39. Qxe6+ Rxe6 40.
Rc8+ Kf7 41. Kf2 1-0

[Event "Waltrop- Bottrop"]
[Site "?"]
[Date "2023.09.03"]
[Round "1.6"]
[White "Drewes, Martin"]
[Black "Jaeger, Heinz"]
[Result "1/2-1/2"]
[WhiteElo "1949"]
[BlackElo "1969"]
[PlyCount "93"]
[SourceDate "2023.09.13"]

1. e4 g6 2. d4 d6 3. Nc3 Bg7 4. g3 Nc6 5. Be3 e5 6. d5 Nce7 7. Qd2 a6 8. O-O-O
Bd7 9. h4 b5 10. Bh3 Nc8 11. h5 Nb6 12. b3 b4 13. Nce2 a5 14. Bxd7+ Qxd7 15.
hxg6 fxg6 16. Nf3 Nf6 17. Ng5 a4 18. Qxb4 axb3 19. axb3 O-O 20. f3 Rfb8 21. Qc3
Qb5 22. Kd2 Ra2 23. Bxb6 Qxb6 24. Ne6 Nd7 25. Ra1 Rxa1 26. Qxa1 c5 27. Qa4 Nf6
28. Nxg7 Kxg7 29. Ra1 Rb7 30. Qa5 g5 31. g4 h5 32. Qxb6 Rxb6 33. gxh5 g4 34.
Rg1 Kh7 35. fxg4 Nxe4+ 36. Ke3 Nf6 37. Nc3 Rb4 38. Kf3 Rf4+ 39. Ke2 Rd4 40. Rd1
Rxg4 41. Rf1 Nxh5 42. Rf7+ Rg7 43. Rxg7+ Nxg7 44. Ne4 Nf5 45. Kd3 Kg6 46. c3
Kf7 47. Nd2 1/2-1/2

[Event "Waltrop- Bottrop"]
[Site "?"]
[Date "2023.09.03"]
[Round "1.7"]
[White "Tochtrop, Lothar"]
[Black "Breidenbach, Rolf"]
[Result "0-1"]
[WhiteElo "1758"]
[BlackElo "1896"]
[PlyCount "70"]
[SourceDate "2023.09.13"]

1. e4 d5 2. exd5 Nf6 3. d4 Nxd5 4. Nf3 g6 5. c4 Nb6 6. c5 Nd5 7. Nc3 Bg7 8. Bc4
c6 9. Qb3 e6 10. Ne4 O-O 11. h4 Nd7 12. h5 b5 13. Bd3 e5 14. hxg6 hxg6 15. Bg5
Qa5+ 16. Bd2 Qa4 17. Qxa4 bxa4 18. Bh6 Nb4 19. Bb1 exd4 20. Bxg7 Kxg7 21. a3
Na6 22. Nfg5 Rh8 23. Rxh8 Kxh8 24. Nxf7+ Kg7 25. Ba2 Naxc5 26. Nxc5 Nxc5 27.
Ne5 Rb8 28. O-O-O Be6 29. Kb1 Bf5+ 30. Ka1 d3 31. g4 Re8 32. f4 Be4 33. Bc4 Rd8
34. Rd2 Rh8 35. Ka2 Rh1 0-1

[Event "Waltrop- Bottrop"]
[Site "?"]
[Date "2023.09.03"]
[Round "1.8"]
[White "Sehrbrock, Christoph"]
[Black "Gruber, Herbert"]
[Result "1/2-1/2"]
[WhiteElo "1823"]
[BlackElo "1760"]
[PlyCount "132"]
[SourceDate "2023.09.13"]

1. e4 c6 2. d4 d5 3. exd5 cxd5 4. Bd3 Nc6 5. c3 Nf6 6. h3 e5 7. dxe5 Nxe5 8.
Bc2 Bd6 9. Nf3 O-O 10. O-O h6 11. Nbd2 Bd7 12. Nb3 Re8 13. Bf4 Nxf3+ 14. Qxf3
Bxf4 15. Qxf4 Qb6 16. Qd4 Qxd4 17. Nxd4 Re7 18. Rfe1 Rae8 19. Rxe7 Rxe7 20. Kf1
Kf8 21. Rd1 a6 22. Bb3 g6 23. Rd2 b5 24. Nc2 Be6 25. Nb4 a5 26. Nc6 Rc7 27.
Nxa5 Ne4 28. Rd4 Rd7 29. Nc6 Nc5 30. Bc2 Rc7 31. Nb4 Rd7 32. Nd3 Na6 33. Nf4 g5
34. Nd3 f6 35. Nb4 Nc7 36. Bb3 Ke7 37. Ke2 Rd6 38. Bc2 Bf7 39. Bf5 Be6 40. Bc2
Bf7 41. Bf5 Be6 42. Bxe6 Kxe6 43. Ke3 Ke5 44. Nc2 f5 45. g3 Kf6 46. Rb4 Re6+
47. Kd2 Ra6 48. a3 h5 49. Nd4 Ra5 50. Ke3 Kg6 51. h4 Kf6 52. hxg5+ Kxg5 53. Kf3
f4 54. gxf4+ Kh4 55. f5 Kg5 56. Ne6+ Nxe6 57. fxe6 Kf6 58. e7 Kxe7 59. Rh4 Kd6
60. Rxh5 Ra4 61. Ke3 Re4+ 62. Kd3 Rf4 63. Rh2 Kc5 64. b4+ Kd6 65. Rh6+ Kc7 66.
Rh2 Kd6 1/2-1/2

[Event "Kirchhellen- Buer"]
[Site "?"]
[Date "2023.09.03"]
[Round "1.1"]
[White "Griebl, Joern"]
[Black "Hoffterheide, Thomas"]
[Result "1-0"]
[WhiteElo "2177"]
[BlackElo "1982"]
[PlyCount "137"]
[SourceDate "2023.09.13"]

1. d4 Nf6 2. c4 e6 3. Nc3 d5 4. Nf3 c6 5. Bg5 Be7 6. e3 Nbd7 7. Qc2 a6 8. Rd1
O-O 9. a3 dxc4 10. Bxc4 Nd5 11. Bxe7 Qxe7 12. O-O Nxc3 13. Qxc3 c5 14. Ba2 cxd4
15. Rxd4 Nf6 16. Rfd1 e5 17. Rc4 Rd8 18. Rc1 Be6 19. Rc7 Rd7 20. Bxe6 Qxe6 21.
Qxe5 Rxc7 22. Qxc7 Re8 23. Qxb7 h6 24. Nd4 Qe5 25. Rc8 a5 26. Qc6 Kh7 27. Rxe8
Nxe8 28. Qb5 Qc7 29. g3 Nf6 30. Nb3 Qc2 31. Nxa5 Qb1+ 32. Qf1 Qxb2 33. Qd3+ g6
34. Nc4 Qa2 35. Qd4 Qb1+ 36. Kg2 Qb7+ 37. f3 Ng8 38. e4 h5 39. Nd6 Qd7 40. Qd5
Nh6 41. h4 Qc7 42. Nc4 Kg8 43. a4 Qb8 44. a5 Qb3 45. Nd2 Qe3 46. Kf1 Kg7 47. a6
Qa3 48. Qd4+ Kh7 49. a7 Qa6+ 50. Ke1 Ng8 51. Qd7 Kg7 52. Qc7 Qa1+ 53. Kf2 Qa2
54. Qc3+ Kh7 55. Qd4 Ne7 56. Kg2 Nc8 57. g4 hxg4 58. fxg4 Qxa7 59. Qd5 Nb6 60.
Qg5 Qd7 61. Nf3 Qe6 62. Qf4 Qa2+ 63. Kg3 Qb3 64. h5 gxh5 65. gxh5 Qc4 66. Qf5+
Kg8 67. Qg5+ Kf8 68. Qd8+ Kg7 69. Qxb6 1-0

[Event "Kirchhellen- Buer"]
[Site "?"]
[Date "2023.09.03"]
[Round "1.2"]
[White "Schlueter, Christoph"]
[Black "Wolff, Christoph"]
[Result "1-0"]
[WhiteElo "1956"]
[BlackElo "2014"]
[PlyCount "69"]
[SourceDate "2023.09.13"]

1. Nf3 Nf6 2. d4 g6 3. c4 Bg7 4. Nc3 d5 5. cxd5 Nxd5 6. Bd2 O-O 7. e3 c5 8. Qb3
Nb4 9. dxc5 Nd3+ 10. Bxd3 Qxd3 11. Qb5 Qd7 12. O-O a6 13. Qxd7 Nxd7 14. Na4 Rb8
15. Rac1 Rd8 16. Ba5 Re8 17. Bc7 Ra8 18. Rfd1 a5 19. b3 Nf8 20. Nb6 Ra6 21. Rd8
Rxd8 22. Bxd8 Be6 23. Bxe7 a4 24. Nd4 axb3 25. axb3 Ra2 26. Bxf8 Bxf8 27. Nxe6
fxe6 28. g3 Rb2 29. Rc3 Kf7 30. Kg2 e5 31. Nc4 Rb1 32. Nxe5+ Ke6 33. Nf3 Kd5
34. e4+ Kxe4 35. Nd2+ 1-0

[Event "Kirchhellen- Buer"]
[Site "?"]
[Date "2023.09.03"]
[Round "1.3"]
[White "Wiechen, Ulrich"]
[Black "Sinnwell, Horst"]
[Result "0-1"]
[WhiteElo "1923"]
[BlackElo "1979"]
[PlyCount "78"]
[SourceDate "2023.09.13"]

1. e4 e6 2. d4 d5 3. Nc3 Nf6 4. e5 Nfd7 5. f4 c5 6. Nf3 Nc6 7. Be3 a6 8. Ne2
cxd4 9. Nexd4 Nxd4 10. Nxd4 Be7 11. Bd3 Nc5 12. O-O Nxd3 13. cxd3 Bc5 14. Nc2
Bxe3+ 15. Nxe3 Qb6 16. Qd2 Bd7 17. d4 O-O 18. Rf3 Rac8 19. h4 f6 20. exf6 Rxf6
21. Ng4 Rf5 22. Ne5 Qd8 23. Re1 Ba4 24. b3 Be8 25. g4 Rf8 26. h5 Rc7 27. Ree3
Bf7 28. Qe1 Rc2 29. a4 Qb6 30. Nd7 Qc7 31. Nc5 b6 32. Qd1 Rb2 33. Nxa6 Qe7 34.
Qc1 Ra2 35. Qe1 Qa3 36. Rd3 Rc8 37. Rd1 Qb2 38. Rf2 Rc2 39. Rc1 Qxc1 0-1

[Event "Kirchhellen- Buer"]
[Site "?"]
[Date "2023.09.03"]
[Round "1.4"]
[White "Schueppel, Werner"]
[Black "Winzbeck, Frank"]
[Result "0-1"]
[WhiteElo "1915"]
[BlackElo "1850"]
[PlyCount "72"]
[SourceDate "2023.09.13"]

1. d4 Nf6 2. Nf3 e6 3. c4 Bb4+ 4. Bd2 Bxd2+ 5. Nbxd2 d5 6. e3 b6 7. Bd3 Bb7 8.
Qc2 O-O 9. cxd5 Bxd5 10. Rc1 Bxf3 11. Nxf3 c5 12. dxc5 bxc5 13. O-O Nbd7 14.
Rfd1 Qe7 15. Qa4 Rfc8 16. Qh4 h6 17. g4 Rab8 18. g5 hxg5 19. Nxg5 Nf8 20. b3
Rb4 21. f4 Ne4 22. Bxe4 Rxe4 23. Rd3 e5 24. Qh3 exf4 25. Nxe4 Qxe4 26. exf4 Re8
27. Qf3 Qb4 28. f5 Nh7 29. Qg3 Nf6 30. Rf1 c4 31. bxc4 Qxc4 32. Rfd1 Qxa2 33.
Rd8 Qa4 34. Qb8 Qg4+ 35. Kh1 Qxd1+ 36. Rxd1 Rxb8 0-1

[Event "Kirchhellen- Buer"]
[Site "?"]
[Date "2023.09.03"]
[Round "1.5"]
[White "Gill, Stephan"]
[Black "Borgs, Martin"]
[Result "0-1"]
[WhiteElo "1823"]
[BlackElo "1899"]
[PlyCount "42"]
[SourceDate "2023.09.13"]

1. d4 Nf6 2. c4 e6 3. Nc3 d5 4. Bg5 Nbd7 5. e3 Be7 6. Nf3 h6 7. Bh4 O-O 8. Bd3
b6 9. cxd5 exd5 10. O-O Bb7 11. Rc1 c5 12. b3 a6 13. a4 Re8 14. Bf5 g6 15. Bxd7
Qxd7 16. Ne5 Qe6 17. Qd3 Ne4 18. Bxe7 Rxe7 19. Rc2 Rc8 20. Rfc1 Rec7 21. Qf1
cxd4 0-1

[Event "Kirchhellen- Buer"]
[Site "?"]
[Date "2023.09.03"]
[Round "1.6"]
[White "Andersen, Knut"]
[Black "Reichardt, Markus"]
[Result "1-0"]
[WhiteElo "1949"]
[BlackElo "1736"]
[PlyCount "57"]
[SourceDate "2023.09.13"]

1. d4 Nf6 2. Nc3 g6 3. Bg5 Bg7 4. f3 d5 5. Qd2 c5 6. dxc5 Qa5 7. O-O-O e6 8.
Bh6 O-O 9. Bxg7 Kxg7 10. g4 Nc6 11. h4 h5 12. e3 Qxc5 13. gxh5 Nxh5 14. Nge2 b5
15. Nd4 a6 16. Bh3 Nxd4 17. exd4 Qd6 18. Ne2 Ra7 19. Bg4 Rh8 20. Rdg1 Kf8 21.
Bxh5 Rxh5 22. Ng3 Rh7 23. h5 gxh5 24. Nxh5 f5 25. Qg5 Raf7 26. Nf4 Rfg7 27.
Ng6+ Ke8 28. Rxh7 Rxh7 29. Ne5 1-0

[Event "Kirchhellen- Buer"]
[Site "?"]
[Date "2023.09.03"]
[Round "1.7"]
[White "Klein, Andreas"]
[Black "Gajda, Peter"]
[Result "1/2-1/2"]
[WhiteElo "1718"]
[BlackElo "1811"]
[PlyCount "30"]
[SourceDate "2023.09.13"]

1. e4 g6 2. d3 Bg7 3. c3 d6 4. Nf3 Nf6 5. Be2 O-O 6. h3 c6 7. Be3 b5 8. Qd2 Re8
9. Bh6 Bh8 10. Na3 Nbd7 11. Nc2 Nb6 12. Ng5 Na4 13. Nd4 Qb6 14. Bd1 e5 15. Ndf3
Nc5 1/2-1/2

[Event "Kirchhellen- Buer"]
[Site "?"]
[Date "2023.09.03"]
[Round "1.8"]
[White "Kueper, Peter"]
[Black "Knorr, Herbert"]
[Result "0-1"]
[WhiteElo "1784"]
[BlackElo "1743"]
[PlyCount "130"]
[SourceDate "2023.09.13"]

1. e4 c5 2. Nf3 Nc6 3. d4 cxd4 4. Nxd4 d6 5. Be2 g6 6. Nc3 Bg7 7. Be3 Nf6 8. h4
h5 9. f3 Bd7 10. Qd2 Qa5 11. Nb3 Qc7 12. O-O-O Ne5 13. Qd4 O-O 14. f4 Neg4 15.
Bd2 Rfc8 16. Rhf1 a5 17. a3 b5 18. Bd3 b4 19. axb4 axb4 20. Qxb4 Be6 21. f5
Rcb8 22. Qd4 Bxb3 23. cxb3 Rxb3 24. Kc2 Rab8 25. Rb1 Qb7 26. fxg6 Rxb2+ 27.
Rxb2 Qxb2+ 28. Kd1 Ne5 29. gxf7+ Kf8 30. Ke2 Nfg4 31. Rb1 Nf3 32. Qxg7+ Kxg7
33. Rxb2 Nd4+ 34. Ke1 Rxb2 35. Nd5 Rb7 36. Nf4 Kxf7 37. Nxh5 e6 38. Nf4 Rb3 39.
Be2 Rb1+ 40. Bd1 Nf6 41. Bc3 e5 42. Bxd4 exd4 43. Kd2 Nxe4+ 44. Kc2 Ra1 45. Bf3
Nc5 46. Kd2 Kg7 47. Bd5 Rh1 48. Ne6+ Kf6 49. Nc7 Rxh4 50. Nb5 Ke5 51. Bf3 Rh8
52. Na3 d5 53. Nb5 d3 54. Nc3 d4 55. Nd1 Rb8 56. Nf2 Rb2+ 57. Ke1 Kf4 58. Nd1
Rc2 59. Bd5 Nd7 60. Nf2 Ne5 61. Nd1 Ng4 62. Bf3 Ne3 63. Nf2 Rxf2 64. Kxf2 d2
65. Ke2 d1=Q+ 0-1

[Event "Rüttenscheid- Haltern"]
[Site "?"]
[Date "2023.09.03"]
[Round "1.1"]
[White "Michalicek, Roland"]
[Black "Michalek, Christoph"]
[Result "0-1"]
[WhiteElo "1861"]
[BlackElo "2144"]
[PlyCount "102"]
[SourceDate "2023.09.13"]

1. e4 c5 2. Nf3 e6 3. Nc3 Nc6 4. a3 a6 5. d4 cxd4 6. Nxd4 Qc7 7. Be3 Nf6 8. f4
Nxd4 9. Qxd4 Ng4 10. Qb6 Bd6 11. Qxc7 Bxc7 12. Bd2 Bb6 13. Be2 Ne3 14. Bxe3
Bxe3 15. g3 d6 16. Rd1 Ke7 17. Na2 b5 18. Rd3 Bc5 19. c3 Bb7 20. Bf3 a5 21. Nc1
Rhc8 22. Nb3 Bb6 23. Kd1 b4 24. axb4 axb4 25. e5 d5 26. cxb4 Ra2 27. Rd2 Rc4
28. Nc1 Ra1 29. Rc2 Rd4+ 30. Rd2 Rxb4 31. h4 Bc6 32. Ke2 Bb5+ 33. Nd3 Rxh1 34.
Bxh1 Rb3 35. h5 Ba5 36. Rd1 Rxb2+ 37. Kf3 Rb3 38. Ke2 f6 39. exf6+ gxf6 40. f5
Bc4 41. fxe6 Kxe6 42. Bg2 Kf5 43. Bh1 Ra3 44. Bg2 Bc7 45. g4+ Kg5 46. Rd2 Bb6
47. Bf3 Kh4 48. Bg2 Kg3 49. Bh1 Ba5 50. Rd1 Ra2+ 51. Kf1 Rh2 0-1